10 Państw najbliżej morza bez dostępu do niego - Statystyki

Ogólne statystyki
  • Ten quiz został rozwiązany 137 razy
  • Średni wynik to 6 z 10
Statystyki odpowiedzi
odległość państwo % Poprawnych
9, 73 km San Marino
87%
22, 1 km Watykan
84%
2, 02 km Mołdawia
76%
57, 77 km Macedonia Północna
71%
79, 77 Kosowo
65%
39, 1 km Eswatini
53%
45, 03 km Laos
52%
82, 83 Austria
50%
129, 83 Boliwia
48%
43, 85 km Etiopia
47%
Nie znaleziono quizów pasujących do podanych kryteriów
Rozkład punktacji
Procent ludzi z każdym wynikiem
Percentyl według liczby udzielonych odpowiedzi
Twoja historia wyników
Nie rozwiązałeś tego quizu